00248nam a2200085Ia 4500008004100000100002600041245004300067260004300110260000900153170620s9999 xx 000 0 und d aSharma- R. A. (Hindi) 0aMapan Mulyankan evam Sankhyaki (Hindi) bMeerut- International Publishing House c2004